[Event "Unna Open 2022"]
[Site "Unna"]
[Date "2022.12.29"]
[Round "6.38"]
[White "Luccone, Constantin"]
[Black "Nechitaylo, Lev"]
[Result "0-1"]
[WhiteElo "1190"]
[BlackElo "1374"]
[Annotator "Medger,Gernot"]
[PlyCount "84"]
[EventDate "2022.12.??"]
[EventType "tourn"]
[EventRounds "7"]
[EventCountry "GER"]

1. e4 c5 2. Nf3 Nc6 3. d3 d6 4. Be3 Nf6 5. Nc3 Bg4 6. h3 Bh5 7. g4 Bg6 8. Bg2
h5 9. g5 Nd7 10. d4 cxd4 11. Nxd4 Nxd4 12. Bxd4 e5 13. Be3 f6 14. gxf6 Nxf6 15.
Qd2 Be7 16. f3 Bf7 17. O-O-O Qd7 18. Bf1 a6 19. Nd5 Nxd5 20. exd5 Rc8 21. c3
Qa4 22. Kb1 e4 23. b3 Qa3 24. fxe4 Bf6 25. Bd4 Bg6 26. Bg2 Kf7 27. Bxf6 gxf6
28. Qb2 Qc5 29. c4 b5 30. Rc1 Qe3 31. Rhe1 Qg5 32. Rf1 bxc4 33. Rxc4 Rxc4 34.
bxc4 Re8 35. Re1 Qg3 36. Qd2 Rb8+ 37. Kc2 Qa3 38. Qc3 Qxa2+ 39. Kd3 Rb3 40.
Qxb3 Qxb3+ 41. Ke2 Qb2+ 42. Kd3 Qxg2 0-1

[Event "Unna Open 2022"]
[Site "Unna"]
[Date "2022.12.29"]
[Round "6.39"]
[White "Krüger, Elias Jordan"]
[Black "Arnoldi, Ekkehard"]
[Result "1-0"]
[WhiteElo "862"]
[BlackElo "1298"]
[Annotator "Medger,Gernot"]
[PlyCount "77"]
[EventDate "2022.12.??"]
[EventType "tourn"]
[EventRounds "7"]
[EventCountry "GER"]

1. e4 d5 2. exd5 Qxd5 3. Nc3 Qc6 4. Bb5 Nf6 5. Bxc6+ Nxc6 6. Nf3 Bg4 7. h3 Bf5
8. d3 O-O-O 9. Bf4 e6 10. Nh4 Bg6 11. Nxg6 hxg6 12. O-O e5 13. Bg5 Be7 14. Qf3
Nd4 15. Qd1 Rd7 16. Re1 Nd5 17. Bxe7 Nxe7 18. Rxe5 f6 19. Re1 Nef5 20. Ne2 Rd6
21. Nxd4 Nxd4 22. Qg4+ Kb8 23. Rac1 f5 24. Qd1 g5 25. Re5 g4 26. g3 Rxh3 27.
Re3 Rd8 28. Qe1 Kc8 29. c3 Nf3+ 30. Rxf3 gxf3 31. Qe6+ Kb8 32. Qxf5 Rdh8 33.
Qxf3 g5 34. d4 g4 35. Qg2 c6 36. b4 Kc7 37. a4 a6 38. c4 R3h5 39. Re1 {Rest
nicht zu rekonstruieren} 1-0

[Event "Unna Open 2022"]
[Site "Unna"]
[Date "2022.12.29"]
[Round "6.40"]
[White "Burosch, Raimund"]
[Black "Le, Elias"]
[Result "1-0"]
[WhiteElo "1429"]
[BlackElo "835"]
[Annotator "Medger,Gernot"]
[PlyCount "95"]
[EventDate "2022.12.??"]
[EventType "tourn"]
[EventRounds "7"]
[EventCountry "GER"]

1. Nf3 Nc6 2. d3 h6 3. g3 b6 4. Bg2 Bb7 5. e4 d6 6. O-O Nf6 7. b3 e5 8. Nc3 Be7
9. Nh4 O-O 10. Nf5 Nd4 11. Nxe7+ Qxe7 12. Ne2 c5 13. c3 Nxe2+ 14. Qxe2 Rfd8 15.
c4 Rab8 16. f4 Qd7 17. f5 b5 18. Rd1 Ba6 19. Be3 bxc4 20. dxc4 Qc7 21. Rd2 Bb7
22. Bf2 Bc6 23. Re1 Qa5 24. Qd1 Qc7 25. h3 a6 26. g4 a5 27. Bh4 g5 28. fxg6 Nd7
29. gxf7+ Kxf7 30. Bxd8 Rxd8 31. Qf3+ Kg7 32. Rf1 Rf8 33. Qe3 Rxf1+ 34. Kxf1
Qd8 35. Rf2 Nf6 36. g5 hxg5 37. Qxg5+ Kf7 38. h4 Ke6 39. Bh3+ Kf7 40. h5 Bxe4
41. h6 Bd3+ 42. Ke1 a4 43. Qg7+ Ke8 44. Rxf6 Qa5+ 45. Kd1 Bc2+ 46. Kxc2 axb3+
47. Kd1 Qd8 48. Rf8# 1-0

[Event "Unna Open 2022"]
[Site "Unna"]
[Date "2022.12.29"]
[Round "6.41"]
[White "Conradi, Rolf"]
[Black "Ait Khouya, Moussa"]
[Result "1/2-1/2"]
[WhiteElo "1287"]
[BlackElo "830"]
[Annotator "Medger,Gernot"]
[PlyCount "45"]
[EventDate "2022.12.??"]
[EventType "tourn"]
[EventRounds "7"]
[EventCountry "GER"]

1. e4 e5 2. Nc3 Nf6 3. f4 d5 4. d3 Nc6 5. Nf3 Bb4 6. Bd2 Bg4 7. Be2 a6 8. O-O
Bxc3 9. bxc3 dxe4 10. Nxe5 Nxe5 11. fxe5 exd3 12. Bxg4 dxc2 13. Qe2 Nxg4 14.
Bf4 Qh4 15. Qxc2 g5 16. Bg3 Qh6 17. Qb3 O-O-O 18. Rxf7 Rhf8 19. e6 Rxf7 20.
exf7 Qf6 21. Qc4 Ne5 22. Qf1 Qxf1+ 23. Rxf1 1/2-1/2

[Event "Unna Open 2022"]
[Site "Unna"]
[Date "2022.12.29"]
[Round "6.42"]
[White "Schulze-Ardey, Dario"]
[Black "Dunker, Fabian"]
[Result "1-0"]
[WhiteElo "767"]
[BlackElo "1001"]
[Annotator "Medger,Gernot"]
[PlyCount "45"]
[EventDate "2022.12.??"]
[EventType "tourn"]
[EventRounds "7"]
[EventCountry "GER"]

1. e4 c5 2. Nf3 d6 3. d4 cxd4 4. Nxd4 g6 5. c4 Nf6 6. Nc3 Bg7 7. Bd3 O-O 8. O-O
Qb6 9. Nf3 Nc6 10. Nd5 Nxd5 11. exd5 Nd4 12. Be3 Qxb2 13. Rb1 Nxf3+ 14. Qxf3
Qxa2 15. c5 Qa3 16. c6 Qxd3 17. cxb7 Bxb7 18. Rxb7 e6 19. dxe6 fxe6 20. Qc6
Rac8 21. Qd7 Qc3 22. h3 Bd4 23. Qxh7# 1-0

[Event "Unna Open 2022"]
[Site "Unna"]
[Date "2022.12.29"]
[Round "6.43"]
[White "Koch, Alexander Leon"]
[Black "Werner, Michael"]
[Result "1-0"]
[WhiteElo "987"]
[BlackElo "1200"]
[Annotator "Medger,Gernot"]
[PlyCount "59"]
[EventDate "2022.12.??"]
[EventType "tourn"]
[EventRounds "7"]
[EventCountry "GER"]

1. d4 d5 2. Nf3 Bf5 3. Nc3 e6 4. Bf4 a6 5. e3 Nf6 6. Bd3 Bxd3 7. Qxd3 c5 8. a3
Nc6 9. O-O Be7 10. Bg5 O-O 11. Bxf6 Bxf6 12. dxc5 Rc8 13. b4 a5 14. Ra2 axb4
15. Nb5 bxa3 16. Qxa3 Nb8 17. Nd6 Rc7 18. Qa8 Rxc5 19. Nxb7 Qb6 20. Nxc5 Qxc5
21. e4 Nc6 22. Qa4 h6 23. e5 Nxe5 24. Nxe5 Bxe5 25. h3 Bd4 26. Qa3 Qb6 27. c3
Bc5 28. Qa5 Qb3 29. Raa1 g6 30. Qxc5 1-0

[Event "Unna Open 2022"]
[Site "Unna"]
[Date "2022.12.29"]
[Round "6.44"]
[White "Leufert, Jan-Frederik"]
[Black "Weiner, Letizia Marilena"]
[Result "1-0"]
[WhiteElo "774"]
[BlackElo "734"]
[Annotator "Medger,Gernot"]
[PlyCount "93"]
[EventDate "2022.12.??"]
[EventType "tourn"]
[EventRounds "7"]
[EventCountry "GER"]

1. e4 c6 2. Nc3 d5 3. exd5 cxd5 4. d4 Nf6 5. Nf3 Bg4 6. Bf4 Nc6 7. h3 Bxf3 8.
Qxf3 Nxd4 9. Qd3 Nc6 10. O-O-O e6 11. Nb5 Bc5 12. Nc7+ Ke7 13. Nxa8 Qxa8 14. f3
Nb4 15. Qb5 b6 16. Qa4 Rc8 17. Bd2 Nc6 18. Bb5 Ne5 19. Bf4 Kd6 20. Rhe1 Rf8 21.
Bxe5+ Ke7 22. Bxf6+ gxf6 23. Bc6 Qb8 24. f4 f5 25. Bd7 Bd6 26. g3 Qc7 27. Bc6
Rc8 28. Bxd5 b5 29. Qb3 Bb4 30. Qxb4+ Kf6 31. Qd4+ Kg6 32. Bb3 a5 33. a4 bxa4
34. Qxa4 Kf6 35. Rd7 Qc5 36. c3 Qf2 37. Qd4+ Qxd4 38. Rxd4 Kg6 39. g4 h5 40.
Rg1 Rb8 41. Kc2 Ra8 42. gxf5+ Kxf5 43. Rg5+ Kf6 44. Rxh5 Ra7 45. h4 Kg6 46.
Rg5+ Kf6 47. Ra4 1-0

[Event "Unna Open 2022"]
[Site "Unna"]
[Date "2022.12.30"]
[Round "7.1"]
[White "Huckebrink, Chris"]
[Black "Schmücker, Marcus"]
[Result "1/2-1/2"]
[WhiteElo "2145"]
[BlackElo "2208"]
[Annotator "Medger,Gernot"]
[PlyCount "65"]
[EventDate "2022.12.??"]
[EventType "tourn"]
[EventRounds "7"]
[EventCountry "GER"]

1. e4 d5 2. exd5 Qxd5 3. Nc3 Qd6 4. d4 Nf6 5. Nf3 c6 6. Ne5 Nbd7 7. Nc4 Qc7 8.
a4 Nb6 9. Nxb6 axb6 10. Bd3 Bg4 11. f3 Bh5 12. O-O e6 13. Qe1 Bg6 14. Ne4 Be7
15. Bd2 O-O 16. Bb4 c5 17. dxc5 bxc5 18. Nxf6+ Bxf6 19. Bc3 Bxd3 20. cxd3 Rfd8
21. Qe4 Rd5 22. Bxf6 gxf6 23. Rfc1 Qd6 24. Rc3 f5 25. Qe3 f4 26. Qf2 b6 27. Qc2
Rd8 28. a5 b5 29. h3 b4 30. Rc4 Rxd3 31. Rxc5 Qd4+ 32. Kh2 Qf6 33. Rc8 1/2-1/2

[Event "Unna Open 2022"]
[Site "Unna"]
[Date "2022.12.30"]
[Round "7.2"]
[White "Hintze, Helge"]
[Black "Tkachuk, Sergij"]
[Result "1/2-1/2"]
[WhiteElo "2242"]
[BlackElo "2206"]
[Annotator "Medger,Gernot"]
[PlyCount "80"]
[EventDate "2022.12.??"]
[EventType "tourn"]
[EventRounds "7"]
[EventCountry "GER"]

1. c4 e5 2. g3 d6 3. Bg2 c6 4. d4 Qc7 5. Nc3 f5 6. e3 Nf6 7. Nge2 Be7 8. b4
Nbd7 9. Bd2 Nf8 10. Rc1 a6 11. a4 e4 12. f3 exf3 13. Bxf3 Ne6 14. Nd5 Qd8 15.
Nxf6+ Bxf6 16. d5 Ng5 17. Bg2 c5 18. bxc5 dxc5 19. Bc3 Ne4 20. Bxe4 fxe4 21.
O-O O-O 22. Bxf6 Rxf6 23. Qc2 Bh3 24. Rxf6 Qxf6 25. Nf4 Bf5 26. Rf1 Qe7 27. Qb2
Rf8 28. Rf2 Rf7 29. a5 Bg4 30. h3 Bc8 31. Kg2 Qc7 32. Ne6 Bxe6 33. dxe6 Re7 34.
Qd2 Rxe6 35. Rf5 Re5 36. Rxe5 Qxe5 37. Qd8+ Kf7 38. Qd7+ Qe7 39. Qf5+ Kg8 40.
Qc8+ Kf7 1/2-1/2

[Event "Unna Open 2022"]
[Site "Unna"]
[Date "2022.12.30"]
[Round "7.3"]
[White "Höllmann, Ludger"]
[Black "Korten, Lando"]
[Result "1/2-1/2"]
[WhiteElo "2039"]
[BlackElo "2135"]
[Annotator "Medger,Gernot"]
[PlyCount "92"]
[EventDate "2022.12.??"]
[EventType "tourn"]
[EventRounds "7"]
[EventCountry "GER"]

1. d4 Nf6 2. Nf3 g6 3. g3 Bg7 4. Bg2 O-O 5. O-O d6 6. b3 c6 7. Bb2 Qa5 8. Nbd2
Bf5 9. Nh4 Be6 10. e4 d5 11. Re1 Nxe4 12. Nxe4 dxe4 13. Bxe4 Nd7 14. Bg2 Rad8
15. c3 Nf6 16. Qc1 Rfe8 17. Nf3 Bd5 18. Qc2 Bxf3 19. Bxf3 e5 20. Rxe5 Rxe5 21.
dxe5 Qxe5 22. c4 Qe7 23. Rd1 Ne8 24. Rxd8 Qxd8 25. Kg2 Bxb2 26. Qxb2 Nc7 27. b4
Ne6 28. b5 Qd4 29. Qa3 cxb5 30. cxb5 Qc5 31. Qd3 b6 32. Qd7 Qc7 33. Qe8+ Kg7
34. h4 Qe5 35. Qd7 h6 36. Bd5 Kf6 37. a4 Qd4 38. Bxe6 Qe4+ 39. Kh2 fxe6 40.
Qd8+ Kf7 41. Qh8 Qxa4 42. Qxh6 Qxb5 43. Qh7+ Kf6 44. Qh8+ Kf7 45. Qh7+ Kf6 46.
Qh8+ Kf7 1/2-1/2

[Event "Unna Open 2022"]
[Site "Unna"]
[Date "2022.12.30"]
[Round "7.4"]
[White "Neumann, Theodor"]
[Black "Tkachuk, Konstantyn"]
[Result "1/2-1/2"]
[WhiteElo "1945"]
[BlackElo "2202"]
[Annotator "Medger,Gernot"]
[PlyCount "45"]
[EventDate "2022.12.??"]
[EventType "tourn"]
[EventRounds "7"]
[EventCountry "GER"]

1. e4 c5 2. Nc3 Nc6 3. f4 g6 4. Nf3 Bg7 5. Bb5 Nd4 6. O-O Nxb5 7. Nxb5 a6 8.
Nc3 b5 9. d4 cxd4 10. Nxd4 d6 11. a4 bxa4 12. Rxa4 Bb7 13. Qd3 Nf6 14. Nb3 O-O
15. Na5 Qc7 16. Kh1 Rfc8 17. Be3 Nd7 18. Nxb7 Bxc3 19. Nxd6 Qxd6 20. bxc3 Qxd3
21. cxd3 Rxc3 22. Rd1 Nc5 23. Bxc5 1/2-1/2

[Event "Unna Open 2022"]
[Site "Unna"]
[Date "2022.12.30"]
[Round "7.5"]
[White "Torres-Kuckel, Rafael"]
[Black "Junk, Phillip"]
[Result "1/2-1/2"]
[WhiteElo "2120"]
[BlackElo "2055"]
[Annotator "Medger,Gernot"]
[PlyCount "56"]
[EventDate "2022.12.??"]
[EventType "tourn"]
[EventRounds "7"]
[EventCountry "GER"]

1. e4 c6 2. d4 d5 3. exd5 cxd5 4. c4 Nf6 5. Nc3 Nc6 6. Bg5 dxc4 7. d5 Ne5 8.
Nf3 Bg4 9. Bxc4 Nxc4 10. Qa4+ Qd7 11. Qxc4 Bxf3 12. gxf3 Rc8 13. Qd4 a6 14. Rd1
Qf5 15. Qe3 Nd7 16. Bf4 f6 17. Bg3 h5 18. h4 Kf7 19. Rd4 g6 20. O-O Ne5 21. Kg2
Bh6 22. Qe2 g5 23. hxg5 h4 24. Bxe5 fxe5 25. Rg4 Bxg5 26. Ne4 Bf4 27. Kh3 Rh6
28. Qd3 Qd7 1/2-1/2

[Event "Unna Open 2022"]
[Site "Unna"]
[Date "2022.12.30"]
[Round "7.6"]
[White "Brieger, Sebastian"]
[Black "Tymura, Achim"]
[Result "1-0"]
[WhiteElo "1841"]
[BlackElo "1991"]
[Annotator "Medger,Gernot"]
[PlyCount "61"]
[EventDate "2022.12.??"]
[EventType "tourn"]
[EventRounds "7"]
[EventCountry "GER"]

1. e4 c5 2. c3 Nf6 3. e5 Nd5 4. Nf3 e6 5. d4 cxd4 6. cxd4 d6 7. Bc4 Nb6 8. Bd3
Nc6 9. a3 dxe5 10. dxe5 Qc7 11. Bf4 Nd5 12. Bg3 Bd7 13. O-O g6 14. Nbd2 Bg7 15.
Rc1 O-O 16. Ne4 Qb6 17. Bc4 Nce7 18. Bh4 Bc6 19. Qd2 Nf5 20. Bxd5 Nxh4 21. Nxh4
exd5 22. Nf6+ Kh8 23. Rfe1 d4 24. Qf4 Be8 25. Nf3 d3 26. Rcd1 Bb5 27. a4 Bc6
28. Ng5 h6 29. Rxd3 Qxb2 30. Rh3 Qc2 31. Nxf7+ 1-0

[Event "Unna Open 2022"]
[Site "Unna"]
[Date "2022.12.30"]
[Round "7.7"]
[White "Georg, Felix"]
[Black "Pinno, Gregor"]
[Result "1/2-1/2"]
[WhiteElo "1986"]
[BlackElo "1911"]
[Annotator "Medger,Gernot"]
[PlyCount "61"]
[EventDate "2022.12.??"]
[EventType "tourn"]
[EventRounds "7"]
[EventCountry "GER"]

1. d4 Nf6 2. Nf3 e6 3. c4 c5 4. g3 cxd4 5. Nxd4 Qc7 6. Qd3 a6 7. Nc3 Nc6 8.
Nxc6 dxc6 9. Bg2 Bc5 10. Be3 Bxe3 11. Qxe3 O-O 12. O-O e5 13. Qc5 Rd8 14. Rfd1
Be6 15. Nd5 Bxd5 16. cxd5 Nd7 17. Qc3 c5 18. d6 Qb6 19. Bh3 g6 20. Bxd7 Rxd7
21. Qxe5 Rad8 22. Rac1 Rxd6 23. Rxd6 Qxd6 24. Qxd6 Rxd6 25. Rc2 Rc6 26. e4 Kf8
27. f4 Ke7 28. Kf2 b5 29. Ke3 Ke6 30. g4 Rc7 31. h4 1/2-1/2

[Event "Unna Open 2022"]
[Site "Unna"]
[Date "2022.12.30"]
[Round "7.8"]
[White "Weber, Rolf"]
[Black "Nechitaylo, Nikita"]
[Result "0-1"]
[WhiteElo "1905"]
[BlackElo "1985"]
[Annotator "Medger,Gernot"]
[PlyCount "68"]
[EventDate "2022.12.??"]
[EventType "tourn"]
[EventRounds "7"]
[EventCountry "GER"]

1. e4 c5 2. c3 Nf6 3. e5 Nd5 4. d4 cxd4 5. Nf3 Nc6 6. cxd4 d6 7. Nc3 Nxc3 8.
bxc3 dxe5 9. d5 e4 10. Ng5 Ne5 11. Nxe4 g6 12. f4 Ng4 13. Qd4 Rg8 14. Bc4 Bg7
15. Qd2 Bf5 16. Bb5+ Kf8 17. Ng3 Rc8 18. Bb2 Qb6 19. Nxf5 gxf5 20. Ba4 Ne3 21.
d6 exd6 22. Bb3 Re8 23. Qd3 Nc4+ 24. Kf1 Nxb2 25. Qxf5 Qa6+ 26. Kg1 Nc4 27. h4
Bxc3 28. Qxh7 Bxa1 29. Rh3 Qb6+ 30. Kh2 Rxg2+ 31. Kxg2 Re2+ 32. Kf3 Qe3+ 33.
Kg4 Rg2+ 34. Kh5 Qe2+ 0-1

[Event "Unna Open 2022"]
[Site "Unna"]
[Date "2022.12.30"]
[Round "7.9"]
[White "Kampert, Andreas"]
[Black "Mann, Gergely"]
[Result "0-1"]
[WhiteElo "1830"]
[BlackElo "1978"]
[Annotator "Medger,Gernot"]
[PlyCount "78"]
[EventDate "2022.12.??"]
[EventType "tourn"]
[EventRounds "7"]
[EventCountry "GER"]

1. c4 e6 2. Nc3 d5 3. d4 c6 4. Nf3 Nf6 5. Bg5 dxc4 6. e3 b5 7. a4 Bb4 8. Be2
Nbd7 9. O-O Bxc3 10. bxc3 O-O 11. Ne5 Nxe5 12. dxe5 Qxd1 13. Rfxd1 Nd5 14. Rac1
h6 15. Bh4 g5 16. Bg3 a5 17. Rd4 Bb7 18. h4 Nb6 19. Bd1 Rfd8 20. Rg4 Rd3 21.
hxg5 hxg5 22. Rxg5+ Kf8 23. Bh4 b4 24. cxb4 axb4 25. Rh5 Ke8 26. Rh8+ Kd7 27.
Rxa8 Nxa8 28. Be2 Ba6 29. Bxd3 cxd3 30. a5 c5 31. f4 c4 32. Be1 b3 33. Kf2 Kc6
34. e4 Nc7 35. Ke3 Kc5 36. f5 exf5 37. exf5 Nd5+ 38. Kd2 b2 39. Rb1 c3+ 0-1

[Event "Unna Open 2022"]
[Site "Unna"]
[Date "2022.12.30"]
[Round "7.10"]
[White "Rewig, Adrian"]
[Black "Merz, Martin"]
[Result "0-1"]
[WhiteElo "1378"]
[BlackElo "1967"]
[Annotator "Medger,Gernot"]
[PlyCount "54"]
[EventDate "2022.12.??"]
[EventType "tourn"]
[EventRounds "7"]
[EventCountry "GER"]

1. e4 c5 2. Nf3 d6 3. Bb5+ Bd7 4. Bxd7+ Qxd7 5. c4 Nc6 6. Nc3 g6 7. d4 cxd4 8.
Nxd4 Bg7 9. Be3 Nf6 10. f3 O-O 11. O-O Rac8 12. b3 a6 13. Qd3 Qc7 14. Rac1 Qa5
15. a4 Rfd8 16. Rfd1 e6 17. Nce2 Qh5 18. Nxc6 Rxc6 19. b4 Nd7 20. Qb3 Rdc8 21.
Ng3 Qh4 22. Nf1 Qe7 23. Bd4 Bxd4+ 24. Rxd4 b5 25. a5 Ne5 26. Ne3 Qa7 27. Qd1
Nxc4 0-1

[Event "Unna Open 2022"]
[Site "Unna"]
[Date "2022.12.30"]
[Round "7.11"]
[White "Hart, Theo"]
[Black "Raabe, Stefan"]
[Result "1-0"]
[WhiteElo "1788"]
[BlackElo "1931"]
[Annotator "Medger,Gernot"]
[PlyCount "54"]
[EventDate "2022.12.??"]
[EventType "tourn"]
[EventRounds "7"]
[EventCountry "GER"]

1. e3 c5 2. d4 cxd4 3. exd4 d5 4. Nf3 Nc6 5. Bd3 Bg4 6. c3 e6 7. O-O Bd6 8.
Nbd2 Qc7 9. h3 Bh5 10. Re1 Nge7 11. Nf1 e5 12. dxe5 Nxe5 13. Be2 N5c6 14. Nd4
Bxe2 15. Rxe2 O-O 16. Nb5 Qd7 17. Nxd6 Qxd6 18. Qa4 Ng6 19. Bd2 d4 20. cxd4
Nxd4 21. Re4 Nc6 22. Bc3 Rad8 23. Rae1 h6 24. Qb5 b6 25. Qa4 Qd7 26. Ng3 Nge7
27. Rg4 g6 {Rest nicht zu entziffern} 1-0

[Event "Unna Open 2022"]
[Site "Unna"]
[Date "2022.12.30"]
[Round "7.12"]
[White "Morawietz, Manuel"]
[Black "Hart, Klaus"]
[Result "1-0"]
[WhiteElo "1903"]
[BlackElo "1784"]
[Annotator "Medger,Gernot"]
[PlyCount "53"]
[EventDate "2022.12.??"]
[EventType "tourn"]
[EventRounds "7"]
[EventCountry "GER"]

1. e4 e5 2. Nf3 Nf6 3. Nxe5 d6 4. Nf3 Nxe4 5. d4 d5 6. Bd3 Bf5 7. O-O Bd6 8.
Re1 O-O 9. c4 c6 10. Nc3 Nxc3 11. bxc3 Bxd3 12. Qxd3 dxc4 13. Qxc4 Nd7 14. Bg5
Nb6 15. Qb3 Qc7 16. c4 c5 17. d5 Rfe8 18. a4 Nd7 19. g3 Qb6 20. Qc2 Ne5 21. Nd2
Qc7 22. Kg2 Nd7 23. Rab1 b6 24. Re4 Re5 25. Bf4 Rxe4 26. Bxd6 Rxc4 27. Nxc4 1-0

[Event "Unna Open 2022"]
[Site "Unna"]
[Date "2022.12.30"]
[Round "7.13"]
[White "Zuleger, Detlev"]
[Black "Gutte, Friedhelm"]
[Result "0-1"]
[WhiteElo "1705"]
[BlackElo "2036"]
[Annotator "Medger,Gernot"]
[PlyCount "54"]
[EventDate "2022.12.??"]
[EventType "tourn"]
[EventRounds "7"]
[EventCountry "GER"]

1. e4 c5 2. b4 cxb4 3. a3 Nc6 4. axb4 Nxb4 5. Ba3 Nc6 6. d4 d5 7. e5 a6 8. c3
g6 9. Bd3 Qa5 10. Ne2 Nh6 11. O-O Bg7 12. Nd2 Qc7 13. Ng3 O-O 14. Qc2 f5 15.
exf6 Rxf6 16. Rae1 e5 17. dxe5 Nxe5 18. f4 Qb6+ 19. Kh1 Neg4 20. Re8+ Bf8 21.
h3 Ne3 22. Qa2 Nxf1 23. Ndxf1 Qc6 24. Qe2 b5 25. Ne4 dxe4 26. Bxe4 Qxe8 27.
Bd5+ Be6 0-1

[Event "Unna Open 2022"]
[Site "Unna"]
[Date "2022.12.30"]
[Round "7.14"]
[White "Wenning, Niels"]
[Black "Pickhard, Tobias"]
[Result "1-0"]
[WhiteElo "1922"]
[BlackElo "1673"]
[Annotator "Medger,Gernot"]
[PlyCount "73"]
[EventDate "2022.12.??"]
[EventType "tourn"]
[EventRounds "7"]
[EventCountry "GER"]

1. e4 e6 2. d4 d5 3. Bd3 dxe4 4. Bxe4 Nf6 5. Bf3 c5 6. Ne2 Be7 7. Be3 Nc6 8.
O-O cxd4 9. Nxd4 Ne5 10. Nc3 Nxf3+ 11. Qxf3 O-O 12. Rfd1 Qc7 13. Ndb5 Qc6 14.
Nxa7 Qxf3 15. gxf3 Bd7 16. a3 b6 17. Nab5 Rfc8 18. Rd2 Ra5 19. a4 Bxb5 20. Nxb5
Nd5 21. b3 Nc3 22. Nxc3 Rxc3 23. Rad1 h5 24. Bxb6 Rf5 25. Be3 Rxf3 26. Ra1 Bb4
27. a5 Rc8 28. Rd7 Rf5 29. a6 Bc5 30. Bxc5 Rfxc5 31. a7 Ra8 32. Rb7 Rcc8 33. c4
g5 34. c5 Kg7 35. c6 Rxc6 36. Rb8 Rc8 37. Rxc8 1-0

[Event "Unna Open 2022"]
[Site "Unna"]
[Date "2022.12.30"]
[Round "7.15"]
[White "Theile-Rasche, Ingo"]
[Black "Bertschik, Jonas"]
[Result "1-0"]
[WhiteElo "1871"]
[BlackElo "1637"]
[Annotator "Medger,Gernot"]
[PlyCount "85"]
[EventDate "2022.12.??"]
[EventType "tourn"]
[EventRounds "7"]
[EventCountry "GER"]

1. d4 d5 2. Bf4 Nf6 3. e3 Bf5 4. Nf3 e6 5. c3 c5 6. Bxb8 Qxb8 7. Qa4+ Kd8 8.
Ne5 Bg6 9. Nd2 a6 10. Ndf3 b5 11. Nc6+ Ke8 12. Nxb8 bxa4 13. Nxa6 Rc8 14. dxc5
Bxc5 15. Bb5+ Ke7 16. Nxc5 Rxc5 17. Bxa4 Bd3 18. Ne5 Ba6 19. Nc6+ Kd6 20. Nb4
Bb7 21. O-O h5 22. Rfd1 Ke7 23. Bc2 g5 24. Nd3 Rcc8 25. Ne5 g4 26. Rd4 Rhg8 27.
Ra4 Rg5 28. Ra7 Rxe5 29. Rxb7+ Kf8 30. a4 Ne4 31. Bxe4 Rxe4 32. a5 Ra8 33. a6
Rc4 34. a7 Rcc8 35. Kf1 Kg7 36. b4 Kg6 37. b5 f5 38. b6 Kf6 39. Rc7 Rxc7 40.
bxc7 Ke7 41. c8=Q Rxc8 42. a8=Q Rxa8 43. Rxa8 1-0

[Event "Unna Open 2022"]
[Site "Unna"]
[Date "2022.12.30"]
[Round "7.16"]
[White "Nadan, Nikolas"]
[Black "Gehring, Sven"]
[Result "0-1"]
[WhiteElo "1634"]
[BlackElo "1843"]
[Annotator "Medger,Gernot"]
[PlyCount "106"]
[EventDate "2022.12.??"]
[EventType "tourn"]
[EventRounds "7"]
[EventCountry "GER"]

1. e4 c5 2. Nc3 Nc6 3. Bb5 Nd4 4. Bc4 a6 5. a4 e6 6. Nf3 Nf6 7. d3 d5 8. exd5
exd5 9. Ba2 Bg4 10. O-O Nxf3+ 11. gxf3 Be6 12. Re1 Be7 13. Qe2 O-O 14. Qe5 Re8
15. Bf4 Qd7 16. Qc7 Qc6 17. Qxc6 bxc6 18. Ne2 Nd7 19. Bg3 Bf6 20. c3 Ne5 21.
Bxe5 Bxe5 22. d4 cxd4 23. Nxd4 Bd7 24. Rad1 Rab8 25. b4 Bxd4 26. Rxe8+ Rxe8 27.
cxd4 Re2 28. Bb3 Rb2 29. Rd3 Bh3 30. f4 Rb1+ 31. Bd1 Bg4 32. f3 Bxf3 33. Rxf3
Rxd1+ 34. Kg2 Rxd4 35. Rc3 Rc4 36. Rxc4 dxc4 37. Kf3 c3 38. Ke2 Kf8 39. Kd3 Ke7
40. Kxc3 Kd6 41. Kc4 h6 42. h4 g6 43. Kd4 f6 44. Ke4 g5 45. fxg5 fxg5 46. h5 c5
47. bxc5+ Kxc5 48. Kf5 Kb4 49. Kg6 g4 50. Kxh6 g3 51. Kg7 g2 52. h6 g1=Q+ 53.
Kh8 Qh1 0-1

[Event "Unna Open 2022"]
[Site "Unna"]
[Date "2022.12.30"]
[Round "7.17"]
[White "Ioffe, Leon"]
[Black "Medger, Gernot"]
[Result "1/2-1/2"]
[WhiteElo "1412"]
[BlackElo "1822"]
[Annotator "Medger,Gernot"]
[PlyCount "75"]
[EventDate "2022.12.??"]
[EventType "tourn"]
[EventRounds "7"]
[EventCountry "GER"]

1. e4 d5 2. exd5 Qxd5 3. Nc3 Qd8 4. d4 Nf6 5. Bc4 c6 6. Nf3 Bf5 7. O-O e6 8.
Be3 Be7 9. Ne2 Nbd7 10. Ng3 Bg6 11. Qe2 Nd5 12. Bb3 O-O 13. Bd2 a5 14. c4 a4
15. cxd5 axb3 16. dxe6 Nb6 17. axb3 Bf6 18. Rxa8 Qxa8 19. Ne5 Bxe5 20. Qxe5 Re8
21. Qc5 Nd5 22. exf7+ Bxf7 23. b4 Nc7 24. Qa5 Qc8 25. Be3 Bd5 26. Qc5 Nb5 27.
Ne2 Nc7 28. Qc2 Qg4 29. Nf4 Be4 30. Qe2 Qxe2 31. Nxe2 Bd3 32. Re1 Nd5 33. Nc1
Bc4 34. Bd2 Ra8 35. Ne2 Ra2 36. Bc1 Bxe2 37. Rxe2 Ra1 38. Re1 1/2-1/2

[Event "Unna Open 2022"]
[Site "Unna"]
[Date "2022.12.30"]
[Round "7.18"]
[White "Barskij, Aleksandr"]
[Black "Zeitz, Max"]
[Result "1/2-1/2"]
[WhiteElo "1866"]
[BlackElo "1619"]
[Annotator "Medger,Gernot"]
[PlyCount "84"]
[EventDate "2022.12.??"]
[EventType "tourn"]
[EventRounds "7"]
[EventCountry "GER"]

1. e4 e5 2. Nf3 Nc6 3. Bb5 a6 4. Ba4 Be7 5. O-O b5 6. Bb3 Nf6 7. Re1 O-O 8. a4
Bb7 9. d3 d6 10. c3 Na5 11. Bc2 c5 12. Nbd2 Qc7 13. Nf1 Rfc8 14. Ng3 g6 15. Re2
Nc6 16. Bg5 Kg7 17. Qd2 Qd8 18. Rae1 Ng4 19. Bxe7 Qxe7 20. h3 Nf6 21. Qg5 Kh8
22. Rd1 Nd8 23. d4 Ne6 24. Qh4 Rg8 25. dxe5 dxe5 26. Nxe5 g5 27. Nf5 gxh4 28.
Nxe7 Nf4 29. Nxf7+ Kg7 30. Nxg8 Nxe2+ 31. Kf1 Nxc3 32. bxc3 Rxg8 33. axb5 Bxe4
34. Bxe4 Nxe4 35. Nd6 Nxc3 36. Rc1 Nxb5 37. Nxb5 axb5 38. Rxc5 Rb8 39. Rc3 b4
40. Rb3 Kf6 41. Ke2 Ke5 42. Kd3 Kd5 1/2-1/2

[Event "Unna Open 2022"]
[Site "Unna"]
[Date "2022.12.30"]
[Round "7.19"]
[White "Meinberger, Manfred"]
[Black "Meyer, Ulrich"]
[Result "0-1"]
[WhiteElo "1593"]
[BlackElo "1830"]
[Annotator "Medger,Gernot"]
[PlyCount "104"]
[EventDate "2022.12.??"]
[EventType "tourn"]
[EventRounds "7"]
[EventCountry "GER"]

1. d4 d5 2. c4 e6 3. Nc3 Nf6 4. Bg5 Be7 5. e3 O-O 6. cxd5 exd5 7. Qc2 c6 8. Bd3
h6 9. Bh4 Re8 10. Nf3 Nbd7 11. O-O Nf8 12. Rab1 Ne4 13. Bxe7 Qxe7 14. Rfe1 Bf5
15. Nd2 Nxd2 16. Qxd2 Bxd3 17. Qxd3 Rad8 18. b4 a6 19. Na4 Qg5 20. Nc5 Re7 21.
a4 f5 22. Qd2 Ng6 23. f4 Qf6 24. Nd3 Nh8 25. b5 axb5 26. axb5 Nf7 27. bxc6 bxc6
28. Ne5 Nxe5 29. fxe5 Qf8 30. Rec1 Rc8 31. Qb4 Rec7 32. Qxf8+ Kxf8 33. Rc5 Ke7
34. Rb6 Kd7 35. Kf2 g5 36. Kf3 Ra8 37. Rb2 Ra3 38. g3 Rca7 39. h4 Ra1 40. hxg5
hxg5 41. Rh2 g4+ 42. Kf4 Rf1+ 43. Kg5 Rc7 44. Rh7+ Kc8 45. Rxc7+ Kxc7 46. e6
Rf3 47. Rc3 Rxg3 48. Kf6 Rh3 49. e7 Kd7 50. Ra3 Rh6+ 51. Kg7 Re6 52. Ra7+ Ke8
0-1